Регионална библиотека "Любен Каравелов" - Русе

Два близки народа, два далечни съседа (Запис номер 88420)

MARC детайли
000 -Лидер
Контролно поле с фиксирана дължина 01996nam a2200421 c 4500
003 - Код на организацията, давaща контролен номер
Контролно поле BLK
005 - Дата и час на последна редакция
Контролно поле 20180420225117.0
008 - Елементи от данни с фиксирана дължина
fixed length control field 180408b bul|||||r ||||||| ||bul||
010 ## - Наследен системен номер
LC control number KNG00093084000
020 ## - Международен стандартен номер на книга ISBN
Международен стандартен номер на книга ISBN 978-954-92633-4-3
-- издат.: Общоарм. благотворителен съюз Парекордзаган
040 ## - Източник на каталожния запис
Идентификатор на билиотеката - собственик на записа BLK
041 ## - Код за език
Код за езика на текст/звукозапис или на отделно заглавие Български
Код за езика КДБФ Български
072 #7 - Код за тематичната категория
Код организация bullib
Код за тематична категория Н32
Текст Политика Н
080 ## - УДК
Текстов определител УДК Международни политически отношения. Световна политика. Международна политика. Дипломация
УДК код - определител по УДК 327
УДК определител (479.25)
УДК - код + определител 327(479.25)
080 ## - УДК
Текстов определител УДК Международни политически отношения. Световна политика. Международна политика. Дипломация
УДК код - определител по УДК 327
УДК определител (560)
УДК - код + определител 327(560)
100 1# - Редна дума - Автор
Автор Динк, Хрант
Авторска отговорност първи автор
R(LIN) 63215
139 ## - Редно поле
Редна дума Динк, Хрант
Авторски знак Дин - Д 62
245 10 - Сведения за заглавието
Заглавие Два близки народа, два далечни съседа
Подзаглавни данни Армения-Турция
Редно поле (дума) Хрант Динк; прев. Хачик Дикран Хачикян.
257 ## - Страна на издаване
Страна на създаване/издаване Армения
260 ## - Област на издателските данни
-- Пловдив
Име на издателя, разпространителя и проч. Общоарм. благотворителен съюз Парекордзаган
Година на издаване 2011
Печатница София : Славейков
300 ## - Физическа характеристика
Страници 136 с.
Размери/Мащаб 21 см
380 ## - Жанр
Жанр Обществени науки
500 ## - Общи забележки
Забележка Ориг. загл. Iki yakin halk, iki uzak komsu / Hrant Dink.
650 #4 - Допълнително описание по предмет – тема
Основно описание – тема или топоним Армения и Турция
9 (RLIN) 303156
651 #4 - Допълнително описание по предмет - топоним
Географско понятие Армения
9 (RLIN) 178546
651 #4 - Допълнително описание по предмет - топоним
Географско понятие Турция
9 (RLIN) 179691
653 ## - Ключова дума – ненормативна
Ключова дума международни политически отношения
653 ## - Ключова дума – ненормативна
Ключова дума конфликти
653 ## - Ключова дума – ненормативна
Ключова дума развитие
653 ## - Ключова дума – ненормативна
Ключова дума арменски въпрос
659 ## - Тематичен бюлетин
Тематичен бюлетин Н
700 1# - Други автори (авторска отговорност)
Лично име Хачикян, Хачик Дикран
Автороска отговорност (Описва отношението между автора и произведението) прев.
9 (RLIN) 303155
852 ## - Местоположение
Форматна сигнатура Цб 254668
856 4# - Електронен адрес и достъп
Електронен формат pdf - файл
Път до файла /url/
856 4# - Електронен адрес и достъп
Електронен формат pdf - файл
Път до файла /url/
942 ## - АРТИКУЛИ
Вид на библиотечния материал Книги
Скрит в OPAC Не
944 ## - СЪЗДАВАНЕ И РЕДАКЦИЯ на ЗАПИСА
Създаване/Редакция Създаване
Дата на регистрацията/редакция 26.03.2012
Статус, дата на статуса ф /
Служител, извършил регистрацията/редакцията Пенка_Димитрова
944 ## - СЪЗДАВАНЕ И РЕДАКЦИЯ на ЗАПИСА
Създаване/Редакция Редакция
Дата на регистрацията/редакция 20.06.2013
Статус, дата на статуса ф /
Служител, извършил регистрацията/редакцията
999 ## - СИСТЕМНИ КОНТРОЛНИ НОМЕРА
Koha biblionumber 88420
Koha biblioitemnumber 88420
Наличности
Код за отписване Код за изгубен артикул Код за повреда Коз за рестрикции Код за отдаване Артикулен № Име на библиотеката - собственик Име на библиотеката, в която се намира в момента Статус (Текущо местоположение) Дата на вписване в системата Местоположение - отдел Цена в лева Инвентарен номер Систематично азбучна сигнатура Баркод Номер на екземпляра Цена в евро Служебна бележка Служебен тип на артикула
  Не е изгубен Не е повреден без рестрикции заемане за дома 143363 Регионална библиотека "Любен Каравелов" Русе Регионална библиотека "Любен Каравелов" Русе Заемна - подръчен фонд 2012-03-26 Заемна - подръчен фонд 8.00 120000756666 П 327(4/9)/Д 62 120000756666 1 4.09 Дост: DA Вид: А N: 5 Дата: 23.03.2012 Дата инв: 02.02.2018 Бележки инв: П2018 Книги
  Не е изгубен Не е повреден без рестрикции заемане за дома 143364 Регионална библиотека "Любен Каравелов" Русе Регионална библиотека "Любен Каравелов" Русе Заемна - подръчен фонд 2012-03-26 Заемна - подръчен фонд 8.00 120000756667 П 327(4/9)/Д 62 120000756667 2 4.09 Дост: DA Вид: А N: 5 Дата: 23.03.2012 Дата инв: 02.02.2018 Бележки инв: П2018 Книги
  Не е изгубен Не е повреден без рестрикции заемане за дома 143365 Регионална библиотека "Любен Каравелов" Русе Регионална библиотека "Любен Каравелов" Русе Заемна - подръчен фонд 2012-03-26 Заемна - подръчен фонд 8.00 120000756668 П 327(4/9)/Д 62 120000756668 3 4.09 Дост: DA Вид: А N: 5 Дата: 23.03.2012 Дата инв: 02.02.2018 Бележки инв: П2018 Книги
  Не е изгубен Не е повреден без рестрикции ползва се в читалня 143366 Регионална библиотека "Любен Каравелов" Русе Регионална библиотека "Любен Каравелов" Русе Хранилище 2013-06-20 Хранилище 8.00 120000767168 Цб 254668 120000767168 4 4.09 Дост: Dp Вид: Д N: 8 Дата: 20.02.2012 Книги
Vip Innovations Ltd, Rousse, Bulgaria 2025